000 00796pam a2200265 a 4500
001 3257
005 20250828154750.0
020 _a9780516454603
040 _aDLC
_cDLC
_dDLC
_beng
050 0 0 _aQC90.6
082 0 0 _a530.8
100 1 _aPluckrose, Henry
_d1931-
245 1 0 _aWeight /
_cby Pluckrose , Hennry
260 _aChicago :
_bChildrens Press,
_c1994
300 _a31 pages :
_bcolor illustrations ;
_c23 cm.
490 _a Math Counts
505 _aP
520 _aPhotographs and text introduce the concept of weight and how to measure it.
521 _a650
_bLexile
521 _aP
_bRaz-Plus
650 0 _aWeights and measures
_xJuvenile literature
650 1 _aWeights and measures
906 _a7
_bcbc
_corignew
_d1
_eocip
_f19
_gy-gencatlg
942 _2ddc
_cBK
_n0
999 _c3257
_d3257